000 00666nam a2200277Ia 4500
005 20260324114137.0
008 008 260324s9999 xx 000 0 eng d
020 _a9781003326076
037 _aEBOOK
040 _aCRL
040 _beng
040 _cCRL
041 _2eng
041 _aeng
084 _qCRL
100 _aAndrei Seryi; Elena Seraia
_91149607
245 0 _aUnifying Physics of Accelerators, Lasers and Plasma
260 _bTaylor and Francis
260 _c2023
365 _a
365 _b320
856 _uhttp://www.taylorfrancis.com/books/9781003326076
942 _cEBOOK
999 _c1739622
_d1739622